[Event "18th Costa del Sol it"]
[Site "Torremolinos ESP"]
[Date "1978.02.21"]
[Round "7"]
[White "Tarjan, James Edward"]
[Black "Piasetski, Leon David"]
[Result "1/2-1/2"]
[WhiteElo "2510"]
[BlackElo "2410"]
[EventDate "1978.02.15"]
[PlyCount "88"]

1.d4 d6 2.c4 g6 3.e4 e5 4.Nc3 Nc6 5.d5 Nce7 6.g4 Bd7 7.Be3 Nc8 8.Be2 Bh6 
9.Qd2 Bxe3 10.Qxe3 Qf6 11.h4 h6 12.O-O-O Nb6 13.g5 Qf4 14.Qxf4 exf4 15.Nf3
Bg4 16.c5 dxc5 17.Ne5 Bxe2 18.Nxe2 Kf8 19.f3 Re8 20.Ng4 hxg5 21.hxg5 Rxh1 
22.Rxh1 Nxd5 23.Rh7 Re7 24.Nh6 Ndf6 25.Rh8 Kg7 26.gxf6+ Nxf6 27.Rb8 Kxh6 
28.Rxb7 g5 29.Kd2 Rd7+ 30.Ke1 Rd3 31.Rxc7 Rxf3 32.e5 Ne4 33.Rxf7 Re3 34.
Kf1 f3 35.Nc3 Nxc3 36.bxc3 g4 37.Kf2 Rxe5 38.Kg3 Kg6 39.Rf4 Rg5 40.Ra4 Kh5
41.Rxa7 Rd5 42.Rh7+ Kg5 43.Rh1 Rd7 44.Rh4 Rd2 {Blancas: 2 horas y 41 
minutos Negras: 2 horas y 44 minutos} 1/2-1/2

[Event "18th Costa del Sol it"]
[Site "Torremolinos ESP"]
[Date "1978.02.21"]
[Round "7"]
[White "Diesen, Mark"]
[Black "Pavlov, Mircea"]
[Result "1/2-1/2"]
[WhiteElo "2440"]
[BlackElo "2405"]
[EventDate "1978.02.15"]
[PlyCount "104"]

1.d4 Nf6 2.c4 g6 3.Nc3 d5 4.Nf3 Bg7 5.Qb3 dxc4 6.Qxc4 O-O 7.e4 a6 8.Be2 b5
9.Qb3 Bb7 10.e5 Nd5 11.O-O Nb6 12.a4 bxa4 13.Nxa4 Bd5 14.Qc3 Nxa4 15.Rxa4 
Qd7 16.b3 Nc6 17.Be3 Rab8 18.Nd2 a5 19.Rc1 Rb6 20.Nc4 Rb7 21.Nxa5 Nxa5 22.
Rxa5 Rxb3 23.Qxc7 Qxc7 24.Rxc7 Rb1+ 25.Rc1 Rxc1+ 26.Bxc1 e6 27.Bf3 Rc8 28.
Be3 Bxf3 29.gxf3 h6 30.Kg2 Bf8 31.d5 exd5 32.Rxd5 Re8 33.f4 h5 34.Kf3 Bh6 
35.f5 Bxe3 36.Kxe3 gxf5 37.Kf4 Ra8 38.Kxf5 Ra2 39.f4 Rf2 40.h4 Rg2 41.Kf6 
Rg6+ 42.Ke7 Re6+ 43.Kd7 Kf8 44.f5 Ra6 45.f6 Ra4 46.Kc6 Kg8 47.Rd8+ Kh7 48.
Kd6 Ra6+ 49.Kd5 Kg6 50.Rg8+ Kh6 51.Rg7 Ra5+ 52.Kd6 Rxe5 {Blancas: 3 horas 
y 29 minutos Negras: 3 horas y 11 minutos} 1/2-1/2

[Event "18th Costa del Sol it"]
[Site "Torremolinos ESP"]
[Date "1978.02.22"]
[Round "8"]
[White "Bellon Lopez, Juan Manuel"]
[Black "Andersson, Ulf"]
[Result "1-0"]
[WhiteElo "2350"]
[BlackElo "2545"]
[EventDate "1978.02.15"]
[PlyCount "79"]

1.e4 c6 2.d4 d5 3.Nc3 g6 4.h3 Bg7 5.Nf3 dxe4 6.Nxe4 Nd7 7.Bd3 Ngf6 8.Qe2 
$5 O-O 9.O-O Re8 $6 ( 9...Nxe4 10.Qxe4 c5 $1 11.Bg5 Nf6 12.Qh4 cxd4 {
Consigue intercambios utiles} ) 10.Re1 Nxe4 11.Qxe4 c5 12.Bg5 Nf6 13.Qh4 
cxd4 14.Rad1 a6 $5 15.Bc4 b5 $2 ( {Mejor era} 15...Qc7 $1 16.Rxd4 Bf5 ) 
16.Rxd4 $1 Qb6 17.Bb3 $5 ( 17.Bxf7+ $1 Kxf7 18.Bxf6 exf6 19.Rxe8 Kxe8 20.
Qe4+ {Gana rapidamente} ) 17...Nh5 18.Rde4 h6 19.Bxe7 Bb7 20.Ne5 $1 Bxe4 
21.Bxf7+ Kh7 22.Qxe4 Bxe5 23.Bxe8 Rxe8 24.Qxe5 Ng7 25.Qd5 $5 ( 25.Qc3 $1 {
Gana facil} ) 25...Qc7 $1 26.Qf7 Qxc2 27.Re6 $2 g5 $2 ( 27...Qb1+ $1 28.
Kh2 Qf5 $1 29.Rf6 Qe5+ 30.f4 Qxe7 31.Qxg6+ Kg8 32.Qxh6 {Conduce a la 
igualdad} ) 28.g3 $5 Qf5 $6 ( 28...Qd1+ $1 29.Kh2 Qh5 30.Qxh5 Nxh5 {
Defiende bien} ) 29.Bf6 $5 Qg6 30.Qxg6+ Kxg6 31.Rxe8 Nxe8 32.Be5 Kf5 33.f4
h5 34.h4 gxh4 35.gxh4 Nf6 36.Bxf6 Kxf6 37.Kf2 Kf5 38.Kg3 b4 ( {O} 38...Ke4
39.b4 {(Parma).} ) 39.Kf3 a5 40.b3 {El triunfo de Bellon fue una gran 
sorpresa. Blancas: 2 horas y 15 minutos Negras: 2 horas y 30 minutos} 1-0

[Event "18th Costa del Sol it"]
[Site "Torremolinos ESP"]
[Date "1978.02.22"]
[Round "8"]
[White "Durao, Joaquim Manuel"]
[Black "Tarjan, James Edward"]
[Result "0-1"]
[WhiteElo "2315"]
[BlackElo "2510"]
[EventDate "1978.02.15"]
[PlyCount "126"]

1.e4 e5 2.Nf3 Nc6 3.Bb5 a6 4.Ba4 Nf6 5.O-O Be7 6.Bxc6 dxc6 7.Qe1 Nd7 8.b3 
O-O 9.Bb2 Bd6 10.d3 Re8 11.Nbd2 Nf8 12.Nc4 Ng6 13.a4 Bg4 14.Qe3 Qe7 15.
Nxd6 cxd6 16.h3 Bxf3 17.Qxf3 Rad8 18.Rae1 d5 19.g3 f6 20.Kh2 Qc5 21.Re2 
Nf8 22.Qe3 Qxe3 23.Rxe3 Ne6 24.f3 g5 25.Re2 Kf7 26.Bc1 b5 27.axb5 cxb5 28.
f4 exf4 29.gxf4 gxf4 30.Bxf4 Nxf4 31.Rxf4 dxe4 32.Rfxe4 a5 33.Kg3 a4 34.
bxa4 bxa4 35.Re1 Rxe4 36.Rxe4 Ra8 37.Re1 a3 38.Ra1 a2 39.Kf4 Ke6 40.Ke4 
f5+ 41.Kf4 Ra5 42.c3 Ra4+ 43.c4 Kf6 44.d4 Ra8 45.Kf3 Kg5 46.Rg1+ Kf6 47.
Ra1 Ra7 48.Kg3 Kg5 49.h4+ Kf6 50.Kf3 Ra8 51.Kg3 Kg6 52.Kf3 Ra3+ 53.Kf4 Kf6
54.c5 Ra4 55.c6 Rxd4+ 56.Ke3 Rc4 57.Rxa2 Rxc6 58.Ra7 h6 59.Kf4 Rc4+ 60.Kg3
Rg4+ 61.Kh3 Re4 62.Kg3 Re7 63.Kf4 Rxa7 {Blancas: 3 horas y 56 minutos 
Negras: 3 horas y 38 minutos} 0-1

[Event "18th Costa del Sol it"]
[Site "Torremolinos ESP"]
[Date "1978.02.22"]
[Round "8"]
[White "Ruiz Gutierrez, Manuel"]
[Black "Damjanovic, Mato"]
[Result "1/2-1/2"]
[WhiteElo "2250"]
[BlackElo "2455"]
[EventDate "1978.02.15"]
[PlyCount "129"]

1.d4 Nf6 2.Nf3 e6 3.c4 b6 4.g3 Bb7 5.Bg2 Be7 6.Nc3 O-O 7.O-O Ne4 8.Qc2 
Nxc3 9.Qxc3 d6 10.b3 Nd7 11.Bb2 Qc8 12.Rad1 a5 13.a4 Rb8 14.Qc2 f5 15.Ne1 
Nf6 16.e3 g5 17.f3 g4 18.Nd3 gxf3 19.Bxf3 Ne4 20.Nf4 Bg5 21.d5 Nc5 22.Kh1 
e5 23.Rg1 Kh8 24.g4 Qd7 25.Rd2 fxg4 26.Bxg4 Qe7 27.Rf2 Bc8 28.Bxc8 Rbxc8 
29.Rgf1 Bh6 30.Rf3 Rf6 31.Ne6 Rxf3 32.Rxf3 Nxe6 33.Qf5 Rf8 34.Qxe6 Qxe6 
35.Rxf8+ Bxf8 36.dxe6 Kg7 37.Kg2 Kf6 38.Kf3 Kxe6 39.e4 c6 40.Bc1 d5 41.
cxd5+ cxd5 42.Bg5 Bc5 43.h3 Kd6 44.Bh4 Ke6 45.Bd8 Bg1 46.Bh4 Bd4 47.Bd8 
Bc5 48.Bh4 Kd6 49.Bg5 Kc6 50.Bf6 Bd6 51.Bd8 Bc7 52.Be7 Kd7 53.Bh4 Bd8 54.
Bg3 Kd6 55.Ke3 Bf6 56.Kd3 Kc5 57.Be1 Bg5 58.Bc3 Bf4 59.Be1 Bc1 60.Bc3 Bf4 
61.Be1 d4 62.Kc2 Bg5 63.Kd3 Bd8 64.Kc2 b5 65.Kd3 {Blancas: 3 horas y 10 
minutos Negras: 3 horas y 35 minutos} 1/2-1/2

[Event "18th Costa del Sol it"]
[Site "Torremolinos ESP"]
[Date "1978.02.22"]
[Round "8"]
[White "Sanz Alonso, Francisco Javier"]
[Black "Diesen, Mark"]
[Result "1/2-1/2"]
[WhiteElo "2330"]
[BlackElo "2440"]
[EventDate "1978.02.15"]
[PlyCount "23"]

1.e4 c5 2.c3 Nf6 3.e5 Nd5 4.d4 cxd4 5.cxd4 d6 6.Nf3 Nc6 7.Bc4 Nb6 8.Bb5 
dxe5 9.Nxe5 Bd7 10.Nxd7 Nxd7 11.O-O e6 12.Nc3 {Blancas: 17 minutos Negras:
39 minutos} 1/2-1/2

[Event "18th Costa del Sol it"]
[Site "Torremolinos ESP"]
[Date "1978.02.23"]
[Round "9"]
[White "Andersson, Ulf"]
[Black "Piasetski, Leon David"]
[Result "1/2-1/2"]
[WhiteElo "2545"]
[BlackElo "2410"]
[EventDate "1978.02.15"]
[PlyCount "38"]

1.Nf3 b6 2.g3 Bb7 3.Bg2 c5 4.c4 g6 5.O-O Bg7 6.Nc3 Nf6 7.Rb1 Nc6 8.b3 d5 
9.d4 dxc4 10.d5 Na5 11.bxc4 O-O 12.Nd2 Ne8 13.Qc2 Nd6 14.Nb5 Re8 15.Re1 
Nxb5 16.Rxb5 e6 17.dxe6 Rxe6 18.Bxb7 Nxb7 19.Rb3 Qe7 {Blancas: 2 horas y 
15 minutos Negras: 1 hora y 59 minutos} 1/2-1/2

[Event "18th Costa del Sol it"]
[Site "Torremolinos ESP"]
[Date "1978.02.23"]
[Round "9"]
[White "Damjanovic, Mato"]
[Black "Bellon Lopez, Juan Manuel"]
[Result "0-1"]
[WhiteElo "2455"]
[BlackElo "2350"]
[EventDate "1978.02.15"]
[PlyCount "76"]

1.e4 c6 2.d4 d5 3.exd5 cxd5 4.Bd3 g6 5.h3 Bg7 6.Nf3 Nc6 7.c3 Nh6 8.O-O O-O
9.Re1 Kh8 10.Ne5 Nf5 11.Nd2 f6 12.Nxc6 bxc6 13.Nf3 Nd6 14.Bf4 a5 15.Qa4 
Ba6 16.Rad1 Qd7 17.Bxa6 Rxa6 18.Re2 Ne4 19.Ne1 e5 20.Be3 Nd6 21.Nd3 Raa8 
22.f3 Rfe8 23.Rde1 e4 24.fxe4 Nxe4 25.Bf4 Bf8 26.Bh2 Kg7 27.Bf4 Qb7 28.Nf2
f5 29.Nd3 Qb5 30.Qc2 a4 31.h4 Be7 32.g3 Bf6 33.Kg2 Rac8 34.Nc5 Ra8 35.a3 
Ra7 36.Nxe4 Rxe4 37.Rxe4 fxe4 38.Qf2 Rf7 {Se cayo la bandera blanca. 
Blancas: 2 horas y 30 minutos Negras: 2 horas y 25 minutos} 0-1

[Event "18th Costa del Sol it"]
[Site "Torremolinos ESP"]
[Date "1978.02.23"]
[Round "9"]
[White "Diesen, Mark"]
[Black "Ruiz Gutierrez, Manuel"]
[Result "1-0"]
[WhiteElo "2440"]
[BlackElo "2250"]
[EventDate "1978.02.15"]
[PlyCount "89"]

1.c4 e5 2.Nc3 Nc6 3.Nf3 f5 4.d4 e4 5.Ng5 Be7 6.Nh3 Nf6 7.Bg5 O-O 8.e3 d6 
9.Nf4 Kh8 10.h4 Bd7 11.h5 Rf7 12.c5 Be8 13.Bc4 d5 14.Bb3 Nb4 15.a3 Nd3+ 
16.Nxd3 exd3 17.Bxf6 Bxf6 18.Nxd5 Rd7 19.Nf4 Qe7 20.O-O Qe4 21.Be6 Rxd4 
22.exd4 Qxf4 23.Qxd3 Bxd4 24.Rad1 Bxc5 25.Qxf5 Qxf5 26.Bxf5 Bxh5 27.Rd7 
Bd6 28.Rc1 Be8 29.Rdxc7 Bxc7 30.Rxc7 Bc6 31.f3 Rd8 32.Be4 Bxe4 33.fxe4 Rb8
34.Kf2 h6 35.Ke3 Kh7 36.e5 Kg6 37.Ke4 a5 38.b4 axb4 39.axb4 b5 40.Rc6+ Kg5
41.Rc3 Kg4 42.e6 g5 43.Ke5 h5 44.e7 h4 45.Rf3 {Blancas: 2 horas y 43 
minutos Negras: 2 horas y 4 minutos} 1-0

[Event "18th Costa del Sol it"]
[Site "Torremolinos ESP"]
[Date "1978.02.23"]
[Round "9"]
[White "Pavlov, Mircea"]
[Black "Sanz Alonso, Francisco Javier"]
[Result "1/2-1/2"]
[WhiteElo "2405"]
[BlackElo "2330"]
[EventDate "1978.02.15"]
[PlyCount "83"]

1.e4 e5 2.Nf3 Nc6 3.Bb5 Nge7 4.c3 g6 5.d4 Bg7 6.d5 a6 7.Be2 Na7 8.c4 d6 9.
Nc3 c6 10.O-O O-O 11.b4 cxd5 12.cxd5 f5 13.a4 Bd7 14.b5 a5 15.Ba3 Nac8 16.
Ng5 Kh8 17.Ne6 Bxe6 18.dxe6 fxe4 19.Nxe4 Nf5 20.Bg4 Nd4 21.Rc1 Rf4 22.f3 
d5 23.Nf2 Nd6 24.Nd3 Rxg4 25.fxg4 Nxe6 26.Nxe5 Bxe5 27.Qxd5 Qg5 28.Qxe6 
Re8 29.Qb3 Ne4 30.Bb2 Nd2 31.Bxe5+ Qxe5 32.Qc3 Nxf1 33.Qxe5+ Rxe5 34.Kxf1 
Re4 35.Rc7 b6 36.Rc6 Rxa4 37.h3 Rb4 38.Rxb6 a4 39.Ra6 Rxb5 40.Rxa4 Rb2 41.
Ra7 Kg8 42.Kg1 {Blancas: 2 horas y 29 minutos Negras: 2 horas y 30 minutos
} 1/2-1/2

[Event "18th Costa del Sol it"]
[Site "Torremolinos ESP"]
[Date "1978.02.24"]
[Round "10"]
[White "Bellon Lopez, Juan Manuel"]
[Black "Diesen, Mark"]
[Result "1/2-1/2"]
[WhiteElo "2350"]
[BlackElo "2440"]
[EventDate "1978.02.15"]
[PlyCount "25"]

1.e4 c5 2.Nf3 d6 3.d4 cxd4 4.Nxd4 Nf6 5.Nc3 a6 6.g3 e6 7.Bg2 Be7 8.O-O Qc7
9.Be3 O-O 10.f4 Nc6 11.Nb3 b5 12.a3 Bb7 13.Qe2 {Blancas: 30 minutos 
Negras: 33 minutos} 1/2-1/2

[Event "18th Costa del Sol it"]
[Site "Torremolinos ESP"]
[Date "1978.02.24"]
[Round "10"]
[White "Durao, Joaquim Manuel"]
[Black "Andersson, Ulf"]
[Result "0-1"]
[WhiteElo "2315"]
[BlackElo "2545"]
[EventDate "1978.02.15"]
[PlyCount "50"]

1.e4 c5 2.Nf3 e6 3.Nc3 a6 4.g3 b5 5.Bg2 Bb7 6.d3 d6 7.O-O Be7 8.Ne1 Nc6 9.
f4 Nf6 10.Be3 d5 11.exd5 exd5 12.Bf2 O-O 13.h3 Qd7 14.Kh2 d4 15.Ne4 Nd5 
16.c4 Ne3 17.Bxe3 dxe3 18.Nc2 Rfd8 19.Nxe3 Qxd3 20.Qe1 Qd7 21.Nd5 Rab8 22.
Rd1 Nd4 23.b4 bxc4 24.bxc5 Qxd5 25.Rf2 Qe6 {Blancas: 2 horas y 26 minutos 
Negras: 2 horas y 6 minutos} 0-1

[Event "18th Costa del Sol it"]
[Site "Torremolinos ESP"]
[Date "1978.02.24"]
[Round "10"]
[White "Piasetski, Leon David"]
[Black "Damjanovic, Mato"]
[Result "1/2-1/2"]
[WhiteElo "2410"]
[BlackElo "2455"]
[EventDate "1978.02.15"]
[PlyCount "25"]

1.e4 c5 2.c3 d5 3.exd5 Qxd5 4.d4 cxd4 5.cxd4 Nc6 6.Nf3 Bg4 7.Be2 e6 8.O-O 
Nf6 9.Nc3 Qa5 10.h3 Bh5 11.a3 Be7 12.Be3 O-O 13.Qb3 {Blancas: 25 minutos 
Negras: 30 minutos} 1/2-1/2

[Event "18th Costa del Sol it"]
[Site "Torremolinos ESP"]
[Date "1978.02.24"]
[Round "10"]
[White "Ruiz Gutierrez, Manuel"]
[Black "Pavlov, Mircea"]
[Result "0-1"]
[WhiteElo "2250"]
[BlackElo "2405"]
[EventDate "1978.02.15"]
[PlyCount "22"]

1.e4 c5 2.Nf3 Nc6 3.c3 d5 4.exd5 Qxd5 5.d4 Bg4 6.Be2 cxd4 7.cxd4 e6 8.Nc3 
Qa5 9.O-O Nf6 10.Ne5 Bxe2 11.Nxc6 Qxc3 {Blancas: 24 minutos Negras: 14 
minutos} 0-1

[Event "18th Costa del Sol it"]
[Site "Torremolinos ESP"]
[Date "1978.02.25"]
[Round "11"]
[White "Andersson, Ulf"]
[Black "Tarjan, James Edward"]
[Result "1/2-1/2"]
[WhiteElo "2545"]
[BlackElo "2510"]
[EventDate "1978.02.15"]
[PlyCount "25"]

1.Nf3 Nf6 2.g3 g6 3.Bg2 Bg7 4.O-O O-O 5.d4 d5 6.c4 c6 7.cxd5 cxd5 8.Ne5 
Ng4 9.Nxg4 Bxg4 10.Nc3 Nc6 11.h3 Bd7 12.e3 e6 13.b3 {Blancas: 40 minutos 
Negras: 39 minutos} 1/2-1/2

[Event "18th Costa del Sol it"]
[Site "Torremolinos ESP"]
[Date "1978.02.25"]
[Round "11"]
[White "Damjanovic, Mato"]
[Black "Durao, Joaquim Manuel"]
[Result "1-0"]
[WhiteElo "2455"]
[BlackElo "2315"]
[EventDate "1978.02.15"]
[PlyCount "69"]

1.e4 e5 2.Nf3 Nc6 3.Bb5 a6 4.Ba4 Nf6 5.O-O Be7 6.Re1 b5 7.Bb3 d6 8.c3 O-O 
9.h3 Nb8 10.d4 Nbd7 11.Nbd2 Bb7 12.Bc2 Re8 13.Nf1 Bf8 14.Ng3 g6 15.a4 c5 
16.d5 c4 17.Be3 Nc5 18.Qd2 Nfd7 19.Nh2 Bg7 20.Ng4 Rf8 21.Bg5 f6 22.Nh6+ 
Kh8 23.Be3 Nb6 24.axb5 axb5 25.h4 Nb3 26.Rxa8 Bxa8 27.Qd1 f5 28.exf5 Nxd5 
29.fxg6 hxg6 30.Bxg6 Qxh4 31.Nhf5 Nxe3 32.Rxe3 Qg5 33.Qxd6 Rd8 34.Rxe5 Bf8
35.Qe6 {Blancas: 1 hora y 20 minutos Negras: 2 horas y 30 minutos} 1-0

[Event "18th Costa del Sol it"]
[Site "Torremolinos ESP"]
[Date "1978.02.25"]
[Round "11"]
[White "Diesen, Mark"]
[Black "Piasetski, Leon David"]
[Result "1/2-1/2"]
[WhiteElo "2440"]
[BlackElo "2410"]
[EventDate "1978.02.15"]
[PlyCount "30"]

1.e4 c5 2.Ne2 e6 3.d4 a6 4.g3 Nf6 5.Bg2 d5 6.Nbc3 dxe4 7.Nxe4 Nxe4 8.Bxe4 
Nd7 9.O-O Be7 10.Bh1 O-O 11.c4 cxd4 12.Nxd4 Nc5 13.Be3 Qc7 14.Qe2 e5 15.
Nb3 Nxb3 {Blancas: 40 minutos Negras: 45 minutos} 1/2-1/2

[Event "18th Costa del Sol it"]
[Site "Torremolinos ESP"]
[Date "1978.02.25"]
[Round "11"]
[White "Sanz Alonso, Francisco Javier"]
[Black "Ruiz Gutierrez, Manuel"]
[Result "1-0"]
[WhiteElo "2330"]
[BlackElo "2250"]
[EventDate "1978.02.15"]
[PlyCount "45"]

1.e4 e6 2.d4 d5 3.Nc3 Bb4 4.exd5 exd5 5.Bd3 Ne7 6.Qh5 Be6 7.Ne2 Nbc6 8.a3 
Ba5 9.O-O Bb6 10.Be3 Qd7 11.Na4 Bf5 12.Rad1 Bxd3 13.Rxd3 Qf5 14.Qh4 Ng6 
15.Qg3 O-O-O 16.b4 h5 17.h3 h4 18.Qh2 Rde8 19.Nec3 Re7 20.Nb5 Rhe8 21.Rc3 
Kb8 22.Rb1 a6 23.Nd6 {Blancas: 1 hora y 22 minutos Negras: 59 minutos} 1-0

[Event "18th Costa del Sol it"]
[Site "Torremolinos ESP"]
[Date "1978.02.25"]
[Round "11"]
[White "Pavlov, Mircea"]
[Black "Bellon Lopez, Juan Manuel"]
[Result "0-1"]
[WhiteElo "2405"]
[BlackElo "2350"]
[EventDate "1978.02.15"]
[PlyCount "80"]

1.e4 g6 2.d4 Bg7 3.Nf3 d6 4.Nc3 Nf6 5.Be2 O-O 6.O-O Bg4 7.Bg5 Bxf3 8.Bxf3 
Nc6 9.d5 Ne5 10.Be2 c6 11.Re1 Qa5 12.Qd2 Rfc8 13.Rad1 Qb4 14.a3 Qxb2 15.
Rb1 Qxa3 16.Rb3 Qa5 17.Rxb7 Rc7 18.dxc6 Rxc6 19.Nd5 Qxd2 20.Nxe7+ Kf8 21.
Bxd2 Rxc2 22.Bb4 Nxe4 23.Bd1 Rc1 24.Ba3 Ra1 25.Bb2 Rb1 26.Bxe5 Rxb7 27.
Bxg7+ Kxg7 28.Rxe4 Rb1 29.Re1 Re8 30.Kf1 Rxe7 31.Rxe7 Rxd1+ 32.Ke2 Ra1 33.
Rd7 Ra6 34.h4 h5 35.f3 Kf6 36.g4 Ke6 37.Rc7 Ra4 38.gxh5 gxh5 39.Ke3 a5 40.
Ra7 Ra1 {Blancas: 1 hora y 35 minutos Negras: 1 hora y 35 minutos} 0-1